Top 10 Länder in der Bananenproduktion - Statistiken

Allgemein
  • Dieses Quiz wurde 170 mal gespielt
  • Das Durchschnittsergebnis liegt bei 5 aus 10
Antwortstatistiken
Million Tonne Land % Korrekt
7.65 6 Brasilien
92%
5.27 8 Kolumbien
80%
29.82 1 Indien
73%
11.64 2 China
68%
6.34 7 Indonesien
67%
8.24 5 Ecuador
54%
9.45 4 Philippinen
37%
4.94 9 Kamerun
28%
4.08 10 Tansania
25%
11.23 3 Uganda
18%
Keine übereinstimmenden Quizze gefunden
Verteilung der Resultate
Anzahl Personen mit jedem Resultat
Perzentil nach korrekt beantworteten Fragen
Ihre Resultats-Entwicklung
Sie haben dieses Quiz noch nicht gespielt